Score 0/17 Timer 02:00
0 Plays Today
Clue 3-Letter Term % Correct
Container for a sodaCAN
96.7%
Christmas month (abbr.)DEC
96.4%
'Eh, What's up, ______?' - Bugs BunnyDOC
96.1%
△ Trig function (abbr.); 1/60 of a minute (abbr.) △SEC
95.1%
Game, _______, MatchSET
94.8%
Calico or Siamese, e.g.CAT
94.1%
△ Trig function (abbr.); To darken by the sun △TAN
93.9%
△ Trig function (abbr.); Sloth or gluttony, e.g. △SIN
93.8%
△ Trig function (abbr.); A portable bed △COT
92.3%
Clue 3-Letter Term % Correct
Metallic element used in solderTIN
92%
Two, in MadridDOS
89.8%
△ Trig function (abbr.); Type of romaine lettuce △COS
89.7%
Pluto, to Mickey MousePET
88.9%
The top left key on a standard U.S. keyboard (abbr.)ESC
84.3%
California clock setting (abbr.)PST
77.3%
To err is human, in Latin: 'Humanum ___ errare'EST
76.3%
△ Trig function (abbr.); Organization created by the Pendleton Act (abbr.) △CSC
37.4%

Today's Daily Dose

Remove Ads.
Support Sporcle.
Get the best of Sporcle when you Go Orange. This ad-free experience offers more features, more stats, and more fun while also helping to support Sporcle. Thank you for becoming a member.

You're not logged in!

Compare scores with friends on all Sporcle quizzes.
OR
Log In

Show Comments

Extras

Top Quizzes Today


Score Distribution

Your Account Isn't Verified!

In order to create a playlist on Sporcle, you need to verify the email address you used during registration. Go to your Sporcle Settings to finish the process.

Report this User

Report this user for behavior that violates our Community Guidelines.

Details: